Matematický oheň

Bibliographic Details
Main Author: Dima, Simona-Grazia, 1958- (Author)
Other Authors: Janík, Pavol, 1956- (Translator)
Format: Article
Language:Slovak
Romanian, Moldovan
English
PhysicalDescription:Fotogr.
ISSN:0862-5999
Subjects:

MARC

LEADER 00000nab a2200000 a 4500
001 vtls009491188
003 SK-MaSNL
005 20260304013948.0
008 241209c2009 xo |||||| | ||00 b|slo
015 |a SNBRB2009/04  |2 snkbucl 
038 |a SNKBUCL 
040 |a SNKBUCL  |b slo  |c SNKBUCL  |e AACR2 
041 1 |a slo  |h rum  |h eng 
044 |a xo  |c SK 
080 |a 821.135.1-1  |2 2001 
100 1 |a Dima, Simona-Grazia,  |d 1958-  |4 aut  |9 1295022 
245 1 0 |a Matematický oheň  |c Simona-Grazia Dima ; z anglickej verzie preložil Pavol Janík 
300 |b Fotogr. 
650 0 7 |a rumunská literatúra  |2 snkbucl  |9 1203 
655 7 |a rumunská poézia  |2 snkbucl  |9 70679 
655 7 |a básnické miniatúry  |2 snkbucl  |9 334747 
700 1 |a Janík, Pavol,  |d 1956-  |4 trl  |9 221069 
773 0 |t Literárny (dvoj)týždenník  |g Roč. XXII, č. 5-6 (2009), s 7  |x 0862-5999 
852 |a SNK  |b KIS3GCP 
958 |a LX 
958 |a RO 
999 |c 2579913  |d 2581843